[Event "ROM-ch U10"]
[Site "Eforie Nord"]
[Date "2022.04.14"]
[Round "5"]
[White "Maier, Alexandru Sever"]
[Black "Negrean, Andrei"]
[Result "0-1"]
[WhiteElo "1202"]
[BlackElo "1942"]
[PlyCount "134"]
[EventDate "2022.04.11"]
[EventType "swiss"]
[EventRounds "9"]
[EventCountry "ROU"]
[SourceTitle "EXT 2023"]
[Source "ChessBase"]
[SourceDate "2022.10.05"]
[SourceVersion "1"]
[SourceVersionDate "2022.10.05"]
[SourceQuality "1"]

1. d4 Nf6 2. Nf3 d5 3. e3 g6 4. Bd3 Bg7 5. 0-0 0-0 6. b3 c5 7. Bb2 cxd4 8. exd4 Nc6 9. Nbd2 Nh5 10. Re1 Bg4 11. h3 Bxf3 12. Nxf3 Rc8 13. Qd2 Qb6 14. Rad1 e6 15. c3 Rfd8 16. Ba3 Qa5 17. Bc1 b5 18. b4 Qb6 19. Qe2 a6 20. Bd2 Nf6 21. Ra1 Ne8 22. a4 Nd6 23. axb5 axb5 24. Bg5 Rd7 25. Ra3 Ra7 26. Rxa7 Nxa7 27. Rc1 Nc4 28. Bxc4 bxc4 29. Ne5 Qd6 30. Ra1 Nb5 31. Qf3 Bxe5 32. dxe5 Qxe5 33. Bf6 Qf5 34. Qxf5 gxf5 35. Ra5 Nd6 36. Be5 Ne8 37. Rb5 f6 38. Rb8 Rxb8 39. Bxb8 Kf7 40. b5 Ke7 41. b6 Kd7 42. f4 Kc6 43. Ba7 Kb7 44. Kf2 d4 45. cxd4 h5 46. g3 Nd6 47. Ke3 Ne4 48. g4 hxg4 49. hxg4 fxg4 50. Kxe4 f5+ 51. Ke5 c3 52. Kxe6 c2 53. d5 c1Q 54. d6 Qxf4 55. d7 Qd4 56. Ke7 g3 57. Bb8 Kxb8 58. d8Q+ Qxd8+ 59. Kxd8 g2 60. Kd7 g1Q 61. b7 Qb6 62. Ke8 Qc7 63. Kf8 Kxb7 64. Ke8 Qg7 65. Kd8 Kc6 66. Ke8 Kd6 67. Kd8 Qd7# 0-1